<?xml version="1.0" encoding="UTF-8"?>
<record
    xmlns:xsi="http://www.w3.org/2001/XMLSchema-instance"
    xsi:schemaLocation="http://www.loc.gov/MARC21/slim http://www.loc.gov/standards/marcxml/schema/MARC21slim.xsd"
    xmlns="http://www.loc.gov/MARC21/slim">

  <leader>01527nam a22002537a 4500</leader>
  <controlfield tag="003">OSt</controlfield>
  <controlfield tag="005">20201020093428.0</controlfield>
  <controlfield tag="008">201020t2000    gt a|||br|||| 00| j spa d</controlfield>
  <datafield tag="020" ind1=" " ind2=" ">
    <subfield code="a">9992258705</subfield>
  </datafield>
  <datafield tag="040" ind1=" " ind2=" ">
    <subfield code="a">CO-JMCR</subfield>
    <subfield code="c">CO-JMCR</subfield>
  </datafield>
  <datafield tag="041" ind1="0" ind2=" ">
    <subfield code="a">spa</subfield>
  </datafield>
  <datafield tag="082" ind1="0" ind2="4">
    <subfield code="a">C /</subfield>
    <subfield code="b">ASTc</subfield>
    <subfield code="2">23</subfield>
  </datafield>
  <datafield tag="100" ind1="1" ind2=" ">
    <subfield code="a">Asturias, Miguel &#xC1;ngel, </subfield>
    <subfield code="e">autor</subfield>
    <subfield code="9">11707</subfield>
  </datafield>
  <datafield tag="245" ind1="1" ind2="4">
    <subfield code="a">Los cuentos del Cuyito / </subfield>
    <subfield code="c">Miguel &#xC1;ngel Asturias ; ilustraciones de Nivio L&#xF3;pez Vigil</subfield>
  </datafield>
  <datafield tag="260" ind1=" " ind2=" ">
    <subfield code="a">Guatemala : </subfield>
    <subfield code="b">Editorial Piedra Santa, </subfield>
    <subfield code="c">&#xA9;2000</subfield>
  </datafield>
  <datafield tag="300" ind1=" " ind2=" ">
    <subfield code="a">40 p&#xE1;ginas : </subfield>
    <subfield code="b">ilustraciones a color ; </subfield>
    <subfield code="c">23 cm.</subfield>
  </datafield>
  <datafield tag="505" ind1="0" ind2=" ">
    <subfield code="a">La paloma verde -- Coraz&#xF3;n de aguacate -- Zopilotes blancos -- La maquinita de hablar -- Clar&#xED;n clarinero</subfield>
  </datafield>
  <datafield tag="520" ind1="3" ind2=" ">
    <subfield code="a">Estos cuentos no los escribi&#xF3; Asturias con la intenci&#xF3;n "que fueran para ni&#xF1;os"; los escribi&#xF3; para sus hijos Rodrigo y Miguel &#xC1;ngel. Y son cuentos, pero fueron cartas que el autor escribi&#xF3; en Guatemala, para sus hijos que viv&#xED;an en M&#xE9;xico; cinco cartas-cuentos fechadas entre enero y marzo de 1947.
En esta edici&#xF3;n, los cuentos guardan un orden cronol&#xF3;gico; y, antes de cada uno, se incluy&#xF3; un fragmento de la carta de la que formaba parte. Disfrutemos ahora estas p&#xE1;ginas esplendorosas porque, como escribi&#xF3; el autor a prop&#xF3;sito de ellas, la vida es tambi&#xE9;n un contar de cuentos. </subfield>
  </datafield>
  <datafield tag="650" ind1="1" ind2="4">
    <subfield code="a">Literatura guatemalteca</subfield>
    <subfield code="y">Siglo xx</subfield>
    <subfield code="9">11708</subfield>
  </datafield>
  <datafield tag="650" ind1="1" ind2="4">
    <subfield code="a">Cuentos infantiles guatemaltecos</subfield>
    <subfield code="9">11709</subfield>
  </datafield>
  <datafield tag="650" ind1="2" ind2="4">
    <subfield code="a">Aves en la literatura </subfield>
    <subfield code="9">11710</subfield>
  </datafield>
  <datafield tag="700" ind1="1" ind2=" ">
    <subfield code="a">L&#xF3;pez Vigil, Nivio, </subfield>
    <subfield code="e">ilustrador</subfield>
    <subfield code="9">11711</subfield>
  </datafield>
  <datafield tag="942" ind1=" " ind2=" ">
    <subfield code="2">ddc</subfield>
    <subfield code="c">BK</subfield>
  </datafield>
  <datafield tag="999" ind1=" " ind2=" ">
    <subfield code="c">6939</subfield>
    <subfield code="d">6939</subfield>
  </datafield>
  <datafield tag="952" ind1=" " ind2=" ">
    <subfield code="0">0</subfield>
    <subfield code="1">0</subfield>
    <subfield code="2">ddc</subfield>
    <subfield code="4">0</subfield>
    <subfield code="7">0</subfield>
    <subfield code="8">FIC</subfield>
    <subfield code="a">CPL</subfield>
    <subfield code="b">CPL</subfield>
    <subfield code="d">2020-10-02</subfield>
    <subfield code="e">Donaci&#xF3;n</subfield>
    <subfield code="l">5</subfield>
    <subfield code="o">C / ASTc</subfield>
    <subfield code="p">201810051</subfield>
    <subfield code="r">2026-03-09 16:26:03</subfield>
    <subfield code="s">2026-03-09</subfield>
    <subfield code="t">Ej.1</subfield>
    <subfield code="w">2020-10-20</subfield>
    <subfield code="y">BK</subfield>
  </datafield>
</record>
